000 00766nam a2200229Ia 4500
003 GCL
008 140319s9999 xx 000 0 ara d
040 _aGCL /
_cGCL
082 0 4 _a398.9
_bم م
100 1 _aالميدانى النيسابورى , احمد بن
245 1 0 _aمجمع الامثال /
_cالميدانى النيسابورى , احمد بن
700 1 _aنعيم حسن زرزور
260 _a[S.N] :
_bدار الكتب العلمية للنشر والتوزيع ،
_c1988
300 _a1140 ص
490 _a
650 0 4 _aالادب العربى
650 0 4 _aالامثال العربية
650 0 4 _aالبلاغة العربية
650 0 4 _aالادب الشعبى
650 0 4 _aالنثر الشعبى
942 _2ddc
_cBK
999 _c55592
_d55592